| 000 | 00743nam a22002657a 4500 | ||
|---|---|---|---|
| 003 | CHAP | ||
| 005 | 20220329140059.0 | ||
| 008 | 971013s r 00010 d | ||
| 010 | _a46688 | ||
| 011 | _a47660 | ||
| 035 | _a51803 | ||
| 040 | _cCHAP | ||
| 090 | _aMP-124 | ||
| 100 | 0 | 0 |
_aTims, E. C. _9113344 |
| 245 | 1 | _aStudies of fig leaf blights | |
| 500 | _aSobretiro de : Proc. Louisiana Acad. Sci. 6:13-34, 1942 | ||
| 590 |
_aBATCH-UPD _b10 _c20130110 _lUCH01 _h0202 |
||
| 590 |
_aBATCH-UPD _b10 _c20130110 _lUCH01 _h1051 |
||
| 590 |
_aCONVERSION _b10 _c20130109 _lUCH01 _h1326 |
||
| 650 | 1 | 4 |
_aHigo. _955341 |
| 650 | 1 | 4 |
_aRhizoctonia corticium. _997133 |
| 901 | _aBK | ||
| 942 | _cMP | ||
| 949 |
_aMP-124 _bBC _cMP _d-115748 _eMP _i51803 _si |
||
| 999 |
_c46688 _d46688 |
||